Tax Law Dictionary: (Record no. 194926)

MARC details
000 -LEADER
fixed length control field 00569nam a22001697a 4500
005 - DATE AND TIME OF LATEST TRANSACTION
control field 20230131103331.0
010 ## - LCCN (DPL NO)
LC control number ENG-136081
020 ## - INTERNATIONAL STANDARD BOOK NUMBER
International Standard Book Number 9788180388279
Terms of availability 1095.00
035 ## - SYSTEM CONTROL NUMBER
System control number EN-119613
037 ## - SOURCE OF ACQUISITION
Source of stock number/acquisition DBAD/PUB
082 ## - DEWEY DECIMAL CLASSIFICATION NUMBER
Classification number 343.03
245 ## - TITLE STATEMENT
Title Tax Law Dictionary:
Remainder of title With Legal Maxims, Latin Terms, and Words & Phrases/
260 ## - PUBLICATION, DISTRIBUTION, ETC. (IMPRINT)
Place of publication, distribution, etc Haryana
Name of publisher, distributor, etc LexisNexis
Date of publication, distribution, etc 2013
270 ## - ADDRESS
Address 14th Floor, Building No. 10, Tower-B, DLF Cyber City, Phase-II
City Gurgaon
Postal code 122002
Electronic mail address help.in@lexisnexis.com
300 ## - PHYSICAL DESCRIPTION
Extent 779p.
Dimensions 24cm(pbk)
942 ## - ADDED ENTRY ELEMENTS (KOHA)
Source of classification or shelving scheme Dewey Decimal Classification
Item type English Books
Classification part 343.03
Call number suffix TAX
Holdings
Withdrawn status Lost status Not for loan Collection code Home library Current library Date acquired Source of acquisition Cost, normal purchase price Full call number Barcode Copy number Cost, replacement price Koha item type
      Non-fiction Kadipur Kadipur 31/01/2023 DBAD/PUB 1095.00 343.03 TAX EN-119613 1 1095.00 English Books

© Delhi Public Library
Hit Counter
free hit counter